[Event "TUR-chT 1st League"]
[Site "Denizli"]
[Date "2024.07.21"]
[Round "9.59"]
[White "Hereklioglu, Sude"]
[Black "Bese, Irem"]
[Result "1-0"]
[WhiteElo "1921"]
[BlackElo "1849"]
[PlyCount "105"]
[EventDate "2024.07.15"]
[EventType "team-swiss"]
[EventRounds "9"]
[EventCountry "TUR"]
[SourceTitle "EXT 2025"]
[Source "ChessBase"]
[SourceDate "2024.10.14"]
[SourceVersion "1"]
[SourceVersionDate "2024.10.14"]
[SourceQuality "1"]
[WhiteTeam "Istanbul Teknik Uni"]
[BlackTeam "Ankara Demirspor"]
[WhiteTeamCountry "TUR"]
[BlackTeamCountry "TUR"]

1. Nf3 Nf6 2. c4 g6 3. g3 Bg7 4. Bg2 0-0 5. d4 d6 6. 0-0 c6 7. Nc3 Qb6 8. e4 Bg4 9. Rb1 Nfd7 10. Be3 c5 11. Nd5 Qd8 12. h3 Bxf3 13. Bxf3 Nc6 14. dxc5 dxc5 15. Bg2 e6 16. Nc3 Nd4 17. f4 Qc7 18. e5 Nf5 19. Bf2 a6 20. g4 Ne7 21. Ne4 Rad8 22. Qd6 Qxd6 23. exd6 Nc8 24. Nxc5 Nxc5 25. Bxc5 Rxd6 26. Bxd6 Nxd6 27. b3 Bd4+ 28. Kh2 b6 29. Kg3 a5 30. a3 a4 31. bxa4 Bc5 32. Rfc1 Bxa3 33. c5 bxc5 34. a5 Bxc1 35. Rxc1 Rb8 36. Rxc5 Rb5 37. Rxb5 Nxb5 38. g5 Kf8 39. Kf3 Ke7 40. Ke4 Kd6 41. Bf1 Na7 42. a6 Nc6 43. Bb5 Na7 44. Ba4 Nc8 45. Kd4 Na7 46. Kc4 Nc8 47. Kb5 Kd5 48. Bc2 Kd6 49. Be4 Kc7 50. Kc5 Nd6 51. Bc6 Nc8 52. Be8 Nd6 53. a7 1-0

[Event "TUR-ch (Women)"]
[Site "Gaziantep"]
[Date "2024.03.04"]
[Round "2"]
[White "Gonultas, Bakriya Anastasya"]
[Black "Hereklioglu, Sude"]
[Result "0-1"]
[WhiteElo "1593"]
[BlackElo "1915"]
[PlyCount "44"]
[EventDate "2024.03.03"]
[EventType "swiss"]
[EventRounds "9"]
[EventCountry "TUR"]
[SourceTitle "CBM 219 Extra"]
[Source "ChessBase"]
[SourceDate "2024.05.31"]
[SourceVersion "1"]
[SourceVersionDate "2024.05.31"]
[SourceQuality "1"]

1. d4 Nf6 2. Bf4 d6 3. Nc3 g6 4. Qd2 Bg7 5. Bh6 Bxh6 6. Qxh6 Nc6 7. 0-0-0 e5 8. dxe5 Nxe5 9. h3 Be6 10. f4 Nc4 11. Rd3 b5 12. Nf3 Bf5 13. e4 Nxe4 14. Nxe4 Bxe4 15. Rd4 Bxf3 16. Bxc4 bxc4 17. Re1+ Kd7 18. gxf3 Qf6 19. Rxc4 Rab8 20. c3 Rb5 21. Rce4 Rh5 22. Re7+ Kd8 0-1

[Event "TUR-ch (Women)"]
[Site "Izmir"]
[Date "2023.10.22"]
[Round "9"]
[White "Kucuk, Aybike"]
[Black "Hereklioglu, Sude"]
[Result "0-1"]
[WhiteElo "1683"]
[BlackElo "1902"]
[PlyCount "98"]
[EventDate "2023.10.16"]
[EventType "tourn"]
[EventRounds "9"]
[EventCountry "TUR"]
[SourceTitle "CBM 216 Extra"]
[Source "ChessBase"]
[SourceDate "2023.11.30"]
[SourceVersion "1"]
[SourceVersionDate "2023.11.30"]
[SourceQuality "1"]

1. d4 g6 2. c4 Bg7 3. Nc3 c5 4. e3 cxd4 5. exd4 Nf6 6. d5 d6 7. Be2 0-0 8. Nf3 e5 9. h4 Bg4 10. Be3 Nh5 11. Nd2 Bxe2 12. Nxe2 f5 13. f3 Bf6 14. Bf2 Nd7 15. Qc2 Qa5 16. 0-0 Qd8 17. g3 Ng7 18. Kg2 f4 19. g4 Bxh4 20. Bxh4 Qxh4 21. Rh1 Qe7 22. Rh3 Nf6 23. Rah1 Rac8 24. Qd3 e4 25. Nxe4 Nxe4 26. fxe4 Qg5 27. Kf3 Ne8 28. Rxh7 Nf6 29. R7h4 Rce8 30. Nc3 Re7 31. Qd4 Rh7 32. Qf2 Rff7 33. Nb5 Nd7 34. Rxh7 Ne5+ 35. Ke2 Qxg4+ 36. Kd2 Rxh7 37. Rxh7 Kxh7 38. Nxd6 b6 39. b3 Kg8 40. Nb5 f3 41. Nc3 Qf4+ 42. Qe3 Qh2+ 43. Ke1 f2+ 44. Ke2 Ng4 45. Qf3 Qg1 46. d6 Qe1+ 47. Kd3 Ne5+ 48. Kd4 Nxf3+ 49. Kd5 Qxc3 0-1

[Event "TUR-ch (Women)"]
[Site "Izmir"]
[Date "2023.10.21"]
[Round "8"]
[White "Hereklioglu, Sude"]
[Black "Karadas, Hena"]
[Result "1/2-1/2"]
[WhiteElo "1902"]
[BlackElo "1371"]
[PlyCount "86"]
[EventDate "2023.10.16"]
[EventType "tourn"]
[EventRounds "9"]
[EventCountry "TUR"]
[SourceTitle "CBM 216 Extra"]
[Source "ChessBase"]
[SourceDate "2023.11.30"]
[SourceVersion "1"]
[SourceVersionDate "2023.11.30"]
[SourceQuality "1"]

1. Nf3 d5 2. d4 c6 3. g3 Bg4 4. Bg2 Nf6 5. 0-0 e6 6. b3 Bd6 7. Bb2 Nbd7 8. Nbd2 0-0 9. c4 a5 10. Ne5 Bf5 11. f3 Nxe5 12. dxe5 Bc5+ 13. Kh1 Nd7 14. cxd5 cxd5 15. e4 dxe4 16. fxe4 Bg6 17. Qe2 Qb8 18. Qb5 Rd8 19. Nc4 b6 20. a3 Qb7 21. Rae1 h6 22. b4 axb4 23. axb4 Be7 24. Na5 Qa6 25. Qxa6 Rxa6 26. Nc6 Re8 27. Rd1 Nf8 28. Ra1 Rxa1 29. Rxa1 Bg5 30. h4 Be3 31. Ra3 Bf2 32. Kh2 Kh7 33. Bf3 h5 34. Kg2 Rc8 35. Rc3 Be1 36. Rc2 Bd2 37. Kf2 Bh6 38. Bd4 Nd7 39. Ke2 f6 40. Kd3 fxe5 41. Nxe5 Nxe5+ 42. Bxe5 Rd8+ 43. Ke2 Be8 1/2-1/2

[Event "TUR-ch (Women)"]
[Site "Izmir"]
[Date "2023.10.19"]
[Round "5"]
[White "Zengin, Ovgu"]
[Black "Hereklioglu, Sude"]
[Result "1/2-1/2"]
[WhiteElo "1414"]
[BlackElo "1902"]
[PlyCount "113"]
[EventDate "2023.10.16"]
[EventType "tourn"]
[EventRounds "9"]
[EventCountry "TUR"]
[SourceTitle "CBM 216 Extra"]
[Source "ChessBase"]
[SourceDate "2023.11.30"]
[SourceVersion "1"]
[SourceVersionDate "2023.11.30"]
[SourceQuality "1"]

1. e4 c5 2. c3 Nf6 3. e5 Nd5 4. g3 e6 5. Nf3 Nc6 6. Bg2 d6 7. exd6 Bxd6 8. 0-0 b6 9. d4 Bb7 10. c4 Nde7 11. Nc3 0-0 12. Nb5 cxd4 13. Nfxd4 Bc5 14. Be3 Bxd4 15. Nxd4 e5 16. Nxc6 Bxc6 17. Qxd8 Raxd8 18. Bxc6 Nxc6 19. Rfd1 f5 20. Bg5 Rde8 21. Rd6 Nd4 22. Be3 Ne6 23. f4 g5 24. Rf1 gxf4 25. gxf4 exf4 26. Bxf4 Rf6 27. Rd2 Rg6+ 28. Rg2 Nd4 29. Rxg6+ hxg6 30. Kg2 Re4 31. b3 g5 32. Bb8 Nc6 33. Bd6 Rg4+ 34. Bg3 Nd4 35. h3 Re4 36. Bb8 a5 37. Ba7 Re6 38. c5 b5 39. Bb6 Nc2 40. Kf2 a4 41. Rg1 g4 42. hxg4 f4 43. bxa4 bxa4 44. Rc1 Nb4 45. Rc3 Nd5 46. Rc4 a3 47. Bd8 Rc6 48. Bg5 Kg7 49. Kf3 Kg6 50. Bxf4 Rf6 51. Kg3 Rc6 52. Bd6 Kg5 53. Rd4 Nc3 54. Be7+ Kg6 55. Rd6+ Rxd6 56. Bxd6 Kf6 57. Bf8 1/2-1/2

[Event "TUR-ch (Women)"]
[Site "Izmir"]
[Date "2023.10.17"]
[Round "2"]
[White "Hereklioglu, Sude"]
[Black "Celik, Akarsu Bengi"]
[Result "1-0"]
[WhiteElo "1902"]
[BlackElo "1573"]
[PlyCount "61"]
[EventDate "2023.10.16"]
[EventType "tourn"]
[EventRounds "9"]
[EventCountry "TUR"]
[SourceTitle "CBM 216 Extra"]
[Source "ChessBase"]
[SourceDate "2023.11.30"]
[SourceVersion "1"]
[SourceVersionDate "2023.11.30"]
[SourceQuality "1"]

1. Nf3 c5 2. g3 d5 3. Bg2 Nc6 4. d4 Nf6 5. 0-0 Bf5 6. c3 e6 7. Nh4 Bg6 8. Nxg6 hxg6 9. dxc5 Bxc5 10. b4 Bb6 11. e3 a5 12. b5 Ne5 13. a4 g5 14. Qe2 Ne4 15. c4 Qf6 16. cxd5 exd5 17. Bb2 g4 18. f4 gxf3 19. Bxf3 Qg5 20. Bd4 Bxd4 21. exd4 Nxf3+ 22. Rxf3 Qc1+ 23. Rf1 Qc7 24. Nd2 f5 25. Rxf5 Qc3 26. Re5+ Kf7 27. Rf1+ Nf6 28. Re7+ Kf8 29. Qe6 Qxd4+ 30. Rf2 Qa1+ 31. Nf1 1-0

[Event "TUR-chT 1st League"]
[Site "Denizli"]
[Date "2023.07.14"]
[Round "8.65"]
[White "Gunasti, Latife Yade"]
[Black "Hereklioglu, Sude"]
[Result "0-1"]
[WhiteElo "1444"]
[BlackElo "1911"]
[PlyCount "75"]
[EventDate "2023.07.09"]
[EventType "team-swiss"]
[EventRounds "9"]
[EventCountry "TUR"]
[SourceTitle "CBM 215 Extra"]
[Source "ChessBase"]
[SourceDate "2023.09.30"]
[SourceVersion "1"]
[SourceVersionDate "2023.09.30"]
[SourceQuality "1"]
[WhiteTeam "Ankara Demirspor"]
[BlackTeam "Istanbul Teknik Uni"]
[WhiteTeamCountry "TUR"]
[BlackTeamCountry "TUR"]

1. d4 g6 2. e4 Bg7 3. Nc3 c5 4. Be3 Qa5 5. Nf3 Nf6 6. Qd2 cxd4 7. Nxd4 Nc6 8. Nb3 Qc7 9. Be2 d6 10. h3 a6 11. 0-0 0-0 12. f4 b5 13. Bf3 Bb7 14. a4 bxa4 15. Rxa4 e6 16. Rd1 Rfd8 17. Qf2 Nd7 18. Raa1 f5 19. Qd2 Nb6 20. Qe2 fxe4 21. Nxe4 Bxb2 22. Ra2 Bg7 23. Ng5 Re8 24. Bg4 Bc8 25. Bf3 d5 26. Qf2 Rb8 27. Bxb6 Qxb6 28. Qxb6 Rxb6 29. Kh1 h6 30. Nxe6 Bxe6 31. Nc5 Nb4 32. Ra4 Bf5 33. Bxd5+ Nxd5 34. Rxd5 Bxc2 35. Rxa6 Rxa6 36. Nxa6 Re1+ 37. Kh2 Be4 38. Rd2 0-1

[Event "TUR-chT 1st League"]
[Site "Denizli"]
[Date "2023.07.09"]
[Round "1.85"]
[White "Acar, Ilayda"]
[Black "Hereklioglu, Sude"]
[Result "0-1"]
[WhiteElo "1579"]
[BlackElo "1911"]
[PlyCount "60"]
[EventDate "2023.07.09"]
[EventType "team-swiss"]
[EventRounds "9"]
[EventCountry "TUR"]
[SourceTitle "CBM 215 Extra"]
[Source "ChessBase"]
[SourceDate "2023.09.30"]
[SourceVersion "1"]
[SourceVersionDate "2023.09.30"]
[SourceQuality "1"]
[WhiteTeam "Karaman Saglik"]
[BlackTeam "Istanbul Teknik Uni"]
[WhiteTeamCountry "TUR"]
[BlackTeamCountry "TUR"]

1. e4 c5 2. Nf3 Nc6 3. Bb5 g6 4. Bxc6 bxc6 5. 0-0 Bg7 6. c3 d6 7. d4 cxd4 8. cxd4 Nf6 9. Nc3 0-0 10. h3 Rb8 11. Qc2 Qa5 12. Re1 Nd7 13. Be3 Nb6 14. Ne2 Bd7 15. Bd2 Qa6 16. b3 c5 17. Bc3 cxd4 18. Nfxd4 d5 19. f4 e5 20. fxe5 Rbc8 21. Qd2 dxe4 22. Ng3 e3 23. Qe2 Qxe2 24. Ndxe2 Nd5 25. Rac1 Nxc3 26. Rxc3 Rxc3 27. Nxc3 Bxe5 28. Nce4 f5 29. Nc5 Bxg3 30. Rxe3 f4 0-1

[Event "EU-ch Cities&Town (Women) op"]
[Site "Tornelo INT"]
[Date "2023.01.29"]
[Round "?"]
[White "Hereklioglu, Sude"]
[Black "Andries, Alexia"]
[Result "1-0"]
[WhiteElo "1911"]
[BlackElo "1567"]
[PlyCount "91"]
[EventDate "2023.01.29"]
[EventType "team-swiss"]
[EventRounds "9"]
[EventCountry "NET"]
[SourceTitle "CBM 212 Extra"]
[Source "ChessBase"]
[SourceDate "2023.03.31"]
[SourceVersion "1"]
[SourceVersionDate "2023.03.31"]
[SourceQuality "1"]
[WhiteTeam "Istanbul"]
[BlackTeam "Iasi"]
[WhiteTeamCountry "TUR"]
[BlackTeamCountry "ROU"]

1. Nf3 Nf6 2. d4 g6 3. g3 Bg7 4. Bg2 0-0 5. 0-0 d6 6. c4 Nbd7 7. Nc3 e5 8. e4 a6 9. h3 exd4 10. Nxd4 Ne5 11. b3 Nfd7 12. f4 Nc6 13. Be3 f5 14. Ne6 Qe7 15. Nxf8 Nxf8 16. Nd5 Qf7 17. Rb1 fxe4 18. b4 a5 19. b5 Nb4 20. Nxb4 axb4 21. Bxe4 Bxh3 22. Bxb7 Rxa2 23. Rf2 Ra3 24. Bd4 Rxg3+ 25. Kh2 Ra3 26. Rxb4 Be6 27. Bxg7 Qxg7 28. Rb3 Ra1 29. Rb1 Qh6+ 30. Kg1 Ra3 31. b6 Rg3+ 32. Bg2 cxb6 33. Qxd6 Bxc4 34. f5 Qe3 35. Qd2 Qc5 36. fxg6 Rxg6 37. Rc1 b5 38. Qf4 Qa3 39. Rxc4 bxc4 40. Qf7+ Kh8 41. Qxf8+ Qxf8 42. Rxf8+ Kg7 43. Rc8 Rg4 44. Kf2 h5 45. Bd5 h4 46. Rg8+ 1-0

[Event "EU-ch Cities&Town (Women) op"]
[Site "Tornelo INT"]
[Date "2023.01.29"]
[Round "?"]
[White "Johansson, Viktoria"]
[Black "Hereklioglu, Sude"]
[Result "0-1"]
[WhiteElo "2042"]
[BlackElo "1911"]
[PlyCount "68"]
[EventDate "2023.01.29"]
[EventType "team-swiss"]
[EventRounds "9"]
[EventCountry "NET"]
[SourceTitle "CBM 212 Extra"]
[Source "ChessBase"]
[SourceDate "2023.03.31"]
[SourceVersion "1"]
[SourceVersionDate "2023.03.31"]
[SourceQuality "1"]
[WhiteTeam "Stockholm"]
[BlackTeam "Istanbul"]
[WhiteTeamCountry "SWE"]
[BlackTeamCountry "TUR"]

1. d4 Nf6 2. Nf3 g6 3. c4 Bg7 4. Nc3 0-0 5. e4 d6 6. Be2 Bg4 7. 0-0 Nbd7 8. Be3 Bxf3 9. Bxf3 e5 10. d5 a5 11. Be2 Nc5 12. f3 Nh5 13. Qd2 f5 14. exf5 gxf5 15. f4 Nxf4 16. Bxf4 exf4 17. Qxf4 a4 18. a3 Qf6 19. Rad1 Rae8 20. Bh5 Re7 21. Rf3 Ne4 22. Rdf1 Bh6 23. Nxe4 Qd4+ 24. Kh1 Bxf4 25. Rxf4 Rxe4 26. R4f3 f4 27. g3 Qxb2 28. gxf4 Kh8 29. Bg4 Rg8 30. R3f2 Qxa3 31. Be6 Qd3 32. Bxg8 Kxg8 33. Rg2+ Kf7 34. Rg3 Qxf1+ 0-1

[Event "EU-ch Cities&Town (Women) op"]
[Site "Tornelo INT"]
[Date "2023.01.29"]
[Round "?"]
[White "Vidic, Teja"]
[Black "Hereklioglu, Sude"]
[Result "1-0"]
[WhiteElo "2138"]
[BlackElo "1911"]
[PlyCount "85"]
[EventDate "2023.01.29"]
[EventType "team-swiss"]
[EventRounds "9"]
[EventCountry "NET"]
[SourceTitle "CBM 212 Extra"]
[Source "ChessBase"]
[SourceDate "2023.03.31"]
[SourceVersion "1"]
[SourceVersionDate "2023.03.31"]
[SourceQuality "1"]
[WhiteTeam "Ljubljana (W)"]
[BlackTeam "Istanbul"]
[WhiteTeamCountry "SLO"]
[BlackTeamCountry "TUR"]

1. e4 c5 2. Nf3 Nc6 3. Bb5 g6 4. Bxc6 bxc6 5. 0-0 Bg7 6. c3 e5 7. d4 cxd4 8. cxd4 exd4 9. Nxd4 Nf6 10. Bg5 Qa5 11. h4 0-0 12. Nc3 Re8 13. Re1 Qb4 14. Qd2 Rb8 15. Rab1 Ba6 16. Nc2 Qb7 17. b3 Ng4 18. Rbd1 Ne5 19. h5 Qc7 20. h6 Bh8 21. Ne3 Nd3 22. Re2 Qe5 23. Nc4 Bxc4 24. bxc4 Nc5 25. Rc1 Qd4 26. Be3 Qxd2 27. Bxd2 Rb2 28. f3 Nd3 29. Rd1 Bxc3 30. Bxc3 Rxe2 31. Rxd3 Rxa2 32. Rxd7 a5 33. e5 Rc2 34. Bd4 f6 35. exf6 Rf8 36. Rg7+ Kh8 37. f7 Rxf7 38. Rxf7+ Kg8 39. Rg7+ Kf8 40. Rxh7 a4 41. Ra7 Rxc4 42. h7 Rxd4 43. h8Q# 1-0

[Event "TUR-ch (Women)"]
[Site "Ayvalik"]
[Date "2022.03.08"]
[Round "5"]
[White "Atalik, Ekaterina"]
[Black "Hereklioglu, Sude"]
[Result "1-0"]
[WhiteElo "2420"]
[BlackElo "1940"]
[PlyCount "87"]
[EventDate "2022.03.05"]
[EventType "swiss"]
[EventRounds "9"]
[EventCountry "TUR"]
[SourceTitle "EXT 2023"]
[Source "ChessBase"]
[SourceDate "2022.10.05"]
[SourceVersion "1"]
[SourceVersionDate "2022.10.05"]
[SourceQuality "1"]

1. d4 Nf6 2. c4 e6 3. Nf3 b6 4. g3 Bb7 5. Bg2 d5 6. cxd5 exd5 7. 0-0 Bd6 8. Nc3 0-0 9. Nb5 Be7 10. Bf4 Na6 11. Rc1 c6 12. Nc3 Nc7 13. Ne5 Ne6 14. Qa4 b5 15. Qd1 Qb6 16. Be3 Rfd8 17. Bh3 Rac8 18. Nd3 Rb8 19. Nf4 Ng5 20. Bg2 Ng4 21. Bd2 Bc8 22. h3 Nf6 23. Be3 Bf5 24. g4 Bd7 25. Nd3 Nge4 26. Ne5 Nxc3 27. Rxc3 Rbc8 28. Nxd7 Rxd7 29. Qd3 b4 30. Rc2 Bd6 31. Rfc1 Rdc7 32. Qf5 Re8 33. Bf4 Bxf4 34. Qxf4 Ne4 35. e3 Re6 36. Bxe4 Rxe4 37. Qd6 h5 38. Rxc6 Rxc6 39. Rxc6 Qb5 40. Qd7 Qe2 41. Rc8+ Kh7 42. Qf5+ g6 43. Qxf7+ Kh6 44. Qf8+ 1-0

[Event "TUR-ch (Women)"]
[Site "Ayvalik"]
[Date "2022.03.07"]
[Round "4"]
[White "Hereklioglu, Sude"]
[Black "Yilmaz, Gokcen"]
[Result "1-0"]
[WhiteElo "1940"]
[BlackElo "1617"]
[PlyCount "53"]
[EventDate "2022.03.05"]
[EventType "swiss"]
[EventRounds "9"]
[EventCountry "TUR"]
[SourceTitle "EXT 2023"]
[Source "ChessBase"]
[SourceDate "2022.10.05"]
[SourceVersion "1"]
[SourceVersionDate "2022.10.05"]
[SourceQuality "1"]

1. Nf3 Nf6 2. g3 g6 3. Bg2 Bg7 4. 0-0 0-0 5. c4 d6 6. d4 c6 7. Nc3 Qa5 8. d5 cxd5 9. cxd5 Bg4 10. Nd4 Rc8 11. h3 Bd7 12. e4 Qb6 13. Nb3 Bb5 14. Be3 Qa6 15. Re1 Nfd7 16. Nxb5 Qxb5 17. a4 Qb4 18. Bd2 Qb6 19. Ba5 Qa6 20. Bf1 b5 21. axb5 Qb7 22. Nd4 Bxd4 23. Qxd4 Ne5 24. Ra3 a6 25. f4 Ned7 26. Bc3 Nf6 27. Rea1 1-0

[Event "TUR-ch (Women)"]
[Site "Ayvalik"]
[Date "2022.03.06"]
[Round "3"]
[White "Alev, Gonulden Seda"]
[Black "Hereklioglu, Sude"]
[Result "0-1"]
[WhiteElo "1561"]
[BlackElo "1940"]
[PlyCount "56"]
[EventDate "2022.03.05"]
[EventType "swiss"]
[EventRounds "9"]
[EventCountry "TUR"]
[SourceTitle "EXT 2023"]
[Source "ChessBase"]
[SourceDate "2022.10.05"]
[SourceVersion "1"]
[SourceVersionDate "2022.10.05"]
[SourceQuality "1"]

1. e4 c5 2. Nf3 a6 3. d4 cxd4 4. Nxd4 Nf6 5. Nc3 e5 6. Nb3 Bb4 7. Bd3 d5 8. exd5 Nxd5 9. Bd2 Nxc3 10. bxc3 Bd6 11. 0-0 0-0 12. Be4 f5 13. Bd5+ Kh8 14. c4 Nc6 15. Bc3 Bd7 16. Qd2 Qe7 17. Rad1 Rad8 18. Na5 Be8 19. Rb1 Nxa5 20. Bxa5 Rd7 21. Rxb7 Rxb7 22. Bxb7 e4 23. Bxa6 f4 24. Bb6 f3 25. Bc8 fxg2 26. Rd1 Bxh2+ 27. Kxh2 Qh4+ 28. Kxg2 Bh5 0-1

[Event "TUR-ch (Women)"]
[Site "Ayvalik"]
[Date "2022.03.05"]
[Round "1"]
[White "Engel, Ecrin Tuana"]
[Black "Hereklioglu, Sude"]
[Result "1/2-1/2"]
[WhiteElo "1255"]
[BlackElo "1940"]
[PlyCount "124"]
[EventDate "2022.03.05"]
[EventType "swiss"]
[EventRounds "9"]
[EventCountry "TUR"]
[SourceTitle "EXT 2023"]
[Source "ChessBase"]
[SourceDate "2022.10.05"]
[SourceVersion "1"]
[SourceVersionDate "2022.10.05"]
[SourceQuality "1"]

1. d4 Nf6 2. Bf4 d6 3. Nf3 g6 4. e3 Bg7 5. c4 Bg4 6. Be2 Nbd7 7. h3 Bxf3 8. Bxf3 c6 9. Nc3 e5 10. dxe5 dxe5 11. Bg3 0-0 12. 0-0 Qe7 13. Rc1 Nc5 14. b4 Rfd8 15. Qc2 Nd3 16. Rb1 e4 17. Be2 Nxb4 18. Qb3 a5 19. a3 Nd3 20. Qxb7 Qxa3 21. Rb3 Qc5 22. Bc7 Re8 23. Rb6 Qxc4 24. Rxc6 Qb4 25. Qxb4 axb4 26. Nxe4 Nxe4 27. Bxd3 b3 28. f3 Nd2 29. Rd1 Ra2 30. Ba5 Rxa5 31. Rxd2 b2 32. Bb1 Ra1 33. Rd1 Rxe3 34. Rc8+ Bf8 35. Rb8 Rd3 36. Rxd3 Rxb1+ 37. Kf2 Kg7 38. Rdb3 Bc5+ 39. Ke2 Bd4 40. Kd3 Be5 41. R8b5 Bf6 42. f4 Rf1 43. Ke3 h5 44. Rxb2 Bxb2 45. Rxb2 h4 46. Rb5 f5 47. Rb7+ Kh6 48. Rb8 Ra1 49. Rb4 Ra3+ 50. Kf2 g5 51. fxg5+ Kxg5 52. Rb8 Rc3 53. Rg8+ Kf4 54. Ke2 Rc2+ 55. Kd3 Ra2 56. Rg7 Ra3+ 57. Ke2 Rg3 58. Rxg3 Kxg3 59. Kf1 f4 60. Kg1 f3 61. gxf3 Kxf3 62. Kh2 Kf2 1/2-1/2

[Event "Mentese Flowers (Women)"]
[Site "Mentese"]
[Date "2022.02.07"]
[Round "3"]
[White "Hereklioglu, Sude"]
[Black "Sibashvili, Giorgi"]
[Result "0-1"]
[WhiteElo "1924"]
[BlackElo "2399"]
[PlyCount "68"]
[EventDate "2022.02.06"]
[EventType "schev"]
[EventRounds "10"]
[EventCountry "TUR"]
[SourceTitle "CBM 206 Extra"]
[Source "ChessBase"]
[SourceDate "2022.03.31"]
[SourceVersion "1"]
[SourceVersionDate "2022.03.31"]
[SourceQuality "1"]
[WhiteTeam "Red Team"]
[BlackTeam "Blue Team"]
[WhiteTeamCountry "TUR"]
[BlackTeamCountry "TUR"]

1. c4 e6 2. g3 Nf6 3. Bg2 d5 4. Nf3 Be7 5. 0-0 0-0 6. cxd5 exd5 7. d4 c6 8. b3 Bf5 9. Bb2 Nbd7 10. Ne5 Nxe5 11. dxe5 Nd7 12. Nd2 Qc7 13. f4 f6 14. e4 dxe4 15. g4 e3 16. gxf5 exd2 17. e6 Nc5 18. Qxd2 Rad8 19. Qe2 Nd3 20. Bc1 Nxc1 21. Raxc1 Qa5 22. Qg4 Qxa2 23. Rc3 Rfe8 24. Rh3 Bc5+ 25. Kh1 Re7 26. Qh5 h6 27. Qg6 Kh8 28. Rxh6+ gxh6 29. Qxf6+ Kg8 30. Rg1 Qf2 31. Rf1 Qd4 32. Qxh6 Rf8 33. Bf3 Rh7 34. Qg5+ Rg7 0-1

[Event "EU-ch Hybrid U20 Girls"]
[Site "Tornelo INT"]
[Date "2021.10.15"]
[Round "4"]
[White "Hereklioglu, Sude"]
[Black "Nosacheva, Mariya"]
[Result "1-0"]
[WhiteElo "1905"]
[BlackElo "2239"]
[PlyCount "55"]
[EventDate "2021.10.15"]
[EventType "tourn"]
[EventRounds "9"]
[EventCountry "NET"]
[SourceTitle "EXT 2023"]
[Source "ChessBase"]
[SourceDate "2022.10.05"]
[SourceVersion "1"]
[SourceVersionDate "2022.10.05"]
[SourceQuality "1"]
[WhiteTeam "Turkey"]
[BlackTeam "Russia"]
[WhiteTeamCountry "TUR"]
[BlackTeamCountry "RUS"]

1. Nf3 Nf6 2. g3 b5 3. Bg2 Bb7 4. 0-0 e6 5. d3 c5 6. e4 d6 7. Na3 Qb6 8. Qe2 a6 9. c3 Be7 10. Bg5 Nbd7 11. Nd2 Rc8 12. f4 h6 13. Bh4 e5 14. Nc2 c4+ 15. d4 Nf8 16. Kh1 g5 17. fxg5 hxg5 18. Bxg5 Nh5 19. Qg4 Bxg5 20. Qxg5 Rc7 21. Bf3 Ne6 22. Qh4 Nxg3+ 23. Qxg3 exd4 24. Nxd4 Nxd4 25. cxd4 Qxd4 26. Rad1 Qxb2 27. Qxd6 Rd7 28. Qxd7+ 1-0

[Event "EU-ch Hybrid U20 Girls"]
[Site "Tornelo INT"]
[Date "2021.10.15"]
[Round "8"]
[White "Hereklioglu, Sude"]
[Black "Radeva, Viktoria"]
[Result "1/2-1/2"]
[WhiteElo "1905"]
[BlackElo "2314"]
[PlyCount "88"]
[EventDate "2021.10.15"]
[EventType "tourn"]
[EventRounds "9"]
[EventCountry "NET"]
[SourceTitle "EXT 2023"]
[Source "ChessBase"]
[SourceDate "2022.10.05"]
[SourceVersion "1"]
[SourceVersionDate "2022.10.05"]
[SourceQuality "1"]
[WhiteTeam "Turkey"]
[BlackTeam "Bulgaria"]
[WhiteTeamCountry "TUR"]
[BlackTeamCountry "BUL"]

1. Nf3 d5 2. g3 c6 3. Bg2 Bg4 4. d4 Nd7 5. 0-0 e6 6. Nbd2 Ngf6 7. b3 Be7 8. Bb2 0-0 9. Ne5 Bf5 10. c4 a5 11. h3 h6 12. f4 Bh7 13. a3 Qb6 14. c5 Qc7 15. e3 b6 16. b4 Nxe5 17. fxe5 Nd7 18. e4 axb4 19. axb4 Rxa1 20. Bxa1 bxc5 21. bxc5 Qa5 22. exd5 exd5 23. Qe2 Qa3 24. Qf3 Qxf3 25. Bxf3 Bg5 26. Nb3 Bd3 27. Re1 Bc4 28. h4 Bxh4 29. gxh4 Bxb3 30. Rb1 Bc4 31. Rb7 Ra8 32. Rxd7 Rxa1+ 33. Kf2 Ra2+ 34. Ke3 Ra3+ 35. Kf4 Rd3 36. e6 fxe6 37. Bh5 Rxd4+ 38. Ke5 Re4+ 39. Kd6 g5 40. Rd8+ Kg7 41. Rd7+ Kf8 42. Rd8+ Kg7 43. Rd7+ Kf8 44. Rd8+ Kg7 1/2-1/2

[Event "Wch FIDE Online U18 Girls Europe qual"]
[Site "Tornelo INT"]
[Date "2020.12.09"]
[Round "6"]
[White "Hereklioglu, Sude"]
[Black "Simkunaite, Gabija"]
[Result "0-1"]
[WhiteElo "1651"]
[BlackElo "1899"]
[PlyCount "82"]
[EventDate "2020.12.07"]
[EventType "swiss (rapid)"]
[EventRounds "7"]
[EventCountry "ISS"]
[SourceTitle "EXT 2022"]
[Source "ChessBase"]
[SourceDate "2021.10.06"]
[SourceVersion "1"]
[SourceVersionDate "2021.10.06"]
[SourceQuality "1"]

1. e4 c5 2. Nf3 Nc6 3. Bb5 g6 4. 0-0 Bg7 5. Nc3 d6 6. Bxc6+ bxc6 7. d4 cxd4 8. Nxd4 Bd7 9. Be3 Nf6 10. h3 0-0 11. f4 Rb8 12. Rb1 c5 13. Nf3 Bc6 14. e5 Nh5 15. Qe1 Bxf3 16. Rxf3 dxe5 17. fxe5 Bxe5 18. Bxc5 Qc7 19. b4 Bd6 20. Bxd6 Qxd6 21. Ne4 Qd5 22. c3 a5 23. g4 Ng7 24. Rf2 axb4 25. cxb4 Ra8 26. Rd1 Qc4 27. Rc1 Qd3 28. Qe2 Qa3 29. b5 Qxc1+ 30. Rf1 Qa3 31. b6 Rab8 32. Rb1 Qxh3 33. a4 Qa3 34. Qb5 Qe3+ 35. Nf2 Rfc8 36. a5 Rc2 37. Rf1 Qg3+ 38. Kh1 Rxf2 39. Rxf2 Qxf2 40. Qd5 Qe2 41. b7 Qa6 0-1

[Event "Wch FIDE Online U18 Girls Europe qual"]
[Site "Tornelo INT"]
[Date "2020.12.09"]
[Round "7"]
[White "Ravlusevic, Evelina"]
[Black "Hereklioglu, Sude"]
[Result "0-1"]
[WhiteElo "1781"]
[BlackElo "1651"]
[PlyCount "82"]
[EventDate "2020.12.07"]
[EventType "swiss (rapid)"]
[EventRounds "7"]
[EventCountry "ISS"]
[SourceTitle "EXT 2022"]
[Source "ChessBase"]
[SourceDate "2021.10.06"]
[SourceVersion "1"]
[SourceVersionDate "2021.10.06"]
[SourceQuality "1"]

1. d4 c5 2. d5 e5 3. c4 d6 4. Nc3 f5 5. e4 Nf6 6. Bg5 Be7 7. Bxf6 Bxf6 8. exf5 Bxf5 9. Bd3 Bxd3 10. Qxd3 0-0 11. Ne4 Na6 12. a3 Qa5+ 13. Qc3 Nb4 14. Ke2 Qa4 15. b3 Qd7 16. axb4 cxb4 17. Qf3 b5 18. Qg3 bxc4 19. bxc4 a5 20. Nf3 a4 21. Nfd2 b3 22. Rhb1 Be7 23. h3 Rfb8 24. Qc3 Qf5 25. Qf3 g6 26. Qxf5 gxf5 27. Nc3 b2 28. Ra2 a3 29. Nb5 e4 30. Rxa3 Rxa3 31. Nxa3 Bf6 32. Nb5 Be5 33. Kd1 Kf7 34. Kc2 Rg8 35. g3 e3 36. Nf3 exf2 37. Nxe5+ dxe5 38. Nd6+ Kf6 39. Rf1 Rb8 40. c5 b1Q+ 41. Rxb1 Rxb1 0-1